|
|
|
|
| LEADER |
00987nam a22002417a 4500 |
| 001 |
0017415 |
| 003 |
BD-DhAAL |
| 005 |
20250420114842.0 |
| 008 |
150108s1986 enk||||| |||| 00| 0 eng d |
| 020 |
|
|
|a 9780140299533
|
| 040 |
|
|
|a BD-DhAAL
|c BD-DhAAL
|
| 082 |
|
|
|2 22
|a 813.6
|
| 100 |
|
|
|a Coetzee, J.M.
|9 7228
|
| 245 |
|
|
|a Foe /
|c J. M. Coetzee.
|
| 260 |
|
|
|a London ;
|a New York :
|b Penguin,
|c 1987.
|
| 300 |
|
|
|a 157 p. ;
|c 18 cm
|
| 526 |
|
|
|a ENH
|x Professor Syed Manzoorul Islam
Coordinator
Department of English and Humanities
BRAC University
|
| 541 |
|
|
|e 0017415
|a Friends' Book Corner
|
| 650 |
|
|
|a Shipwreck survival
|v Fiction
|9 7229
|
| 852 |
|
|
|a Ayesha Abed Library
|c General Stacks
|
| 942 |
|
|
|2 ddc
|c BK
|0 1
|
| 999 |
|
|
|c 33424
|d 33424
|
| 952 |
|
|
|0 0
|1 0
|2 ddc
|4 0
|6 813_600000000000000_COE
|7 0
|9 44672
|a BRACUL
|b BRACUL
|c GEN
|d 2015-01-08
|e Friends' Book Corner
|g 848.00
|l 6
|m 34
|o 813.6 COE
|p 3010017415
|r 2025-01-23
|s 2024-07-10
|t 1
|w 2015-01-08
|y BK
|x Requisitioned by Professor Syed Manzoorul Islam (Coordinator).
|